000 02148cam a2200613 ic4500
999 _c11831
_d11831
001 vtls000241943
003 NUKAT
005 20181119125802.0
008 040218s1979 pl | d |00| ||pol|c
020 _a8301002832
020 _a8301002816
035 _azz2004861736
039 9 _a201809030200
_bVLOAD
_c201808310201
_dVLOAD
_c201804091221
_dkopugd
_c201804050848
_dkopamlo
040 _aKR 93/TS
_cKR 93/TS
_dKR 93/MN
_dKR 93/MPs
245 0 0 _aSłownik języka polskiego.
_nT. 2,
_pL-P /
_cred. nauk. Mieczysław Szymczak ; red. t.: Hipolit Szkiłądź [et al.] ; oprac. haseł Anna Bańkowska [et al.].
260 _aWarszawa :
_bPaństwowe Wydaw. Naukowe,
_c1979.
300 _a1087 s. ;
_c25 cm.
650 _aJęzyk polski
_vsłowniki.
951 _aKIEL_010 SAND_001
700 1 _aSzymczak, Mieczysław
_d(1927-1985).
_eRed.
700 1 _aSzkiłądź, Hipolit.
_eRed.
700 1 _aBańkowska, Anna
_d(1920-2000).
_eOprac.
710 2 _aPaństwowe Wydawnictwo Naukowe (1951-1992).
_4pbl
_9995
982 _aBYDG_22 BYDG_24
942 _2ddc
_cBK
956 _aKR_119
960 _aGD_U
967 _aLUBL_U
980 _aSZCZ_010
983 _aSZCZYT_001